| 000 | 00994nam a22003017a 4500 | ||
|---|---|---|---|
| 001 | 9365 | ||
| 003 | FISKH | ||
| 005 | 20251212150535.0 | ||
| 008 | 251212b cb ||||| |||| 00| 0 eng d | ||
| 020 | _a043944635 | ||
| 040 |
_aFISKH _beng _cFISKH _dFISKH |
||
| 050 | _aPZ8.H41347 M | ||
| 082 | _a813 | ||
| 100 |
_aHeling, Kathryn _eAuthor |
||
| 245 |
_aMouse makes words : _bA phonics reader / _cby Kathryn Heling & Deborah Hembrook ; illustrated by Patrick Joseph |
||
| 260 |
_aNew York : _bScholastic Inc. , _c2002 |
||
| 300 |
_a29 pages : _bcolor illustrations ; _c23 cm |
||
| 490 |
_aMouse : _vA phonics reader |
||
| 505 | _aG | ||
| 520 | _aBy dropping the first letter of a variety of words and adding a new letter, Mouse makes several rhyming words. | ||
| 521 | 8 |
_a310
_bLexile |
|
| 521 | 8 |
_aG
_bRaz-Plus |
|
| 650 |
_aStories in rhyme _vWord families |
||
| 650 |
_aAlphabet _vAnimals |
||
| 700 |
_aJoseph, Patrick _eIllustrator |
||
| 942 |
_2ddc _cBK _n0 |
||
| 999 |
_c9365 _d9365 |
||